000 00547nam a22001697a 4500
999 _c24821
_d24821
003 NUST
005 20170531121431.0
008 150610t xxu||||| |||| 00| 0 eng d
020 _a9789699532047
040 _cRCMS
_aDLC
_bDLC
050 _a934 ALI
082 _a934 ALI
100 _aDr. Safdar Ali Shah & Syed Javaid A. Kazi
_91265
245 _aThe Buddhist heritage of Pakistan
300 _a130 p. :
_bphotos ill, ;
_c30 cm.
538 _iShelf # 13, Row # 5, Fiction.
546 _aEnglish
856 _3Table of Contents Only.
942 _2ddc
_cBK
_h934 ALI